[Event "Staraya Mayna Sidorov Cup"]
[Site "Staraya Mayna"]
[Date "2018.07.13"]
[Round "7"]
[White "Afanasiev, Alexander"]
[Black "Logunova, Elizaveta"]
[Result "0-1"]
[WhiteElo "1475"]
[BlackElo "1797"]
[PlyCount "52"]
[EventDate "2018.07.10"]
[EventType "swiss"]
[EventRounds "9"]
[EventCountry "RUS"]
[SourceTitle "EXT 2019"]
[Source "ChessBase"]
[SourceDate "2018.10.10"]
[SourceVersion "1"]
[SourceVersionDate "2018.10.10"]
[SourceQuality "1"]

1. e4 c6 2. Nf3 d5 3. exd5 cxd5 4. h3 Nc6 5. d4 Bf5 6. a3 Nf6 7. Nc3 e6 8. Bb5 Bd6 9. 0-0 Qb6 10. Be3 0-0 11. Bxc6 bxc6 12. b4 h6 13. Nh4 Bh7 14. f4 a5 15. Na2 axb4 16. Nxb4 Bxb4 17. axb4 Qxb4 18. Rb1 Qc3 19. Qc1 Ra2 20. Rf2 Ne4 21. Rb3 Qc4 22. Qb1 Qa4 23. Rb4 Qa8 24. Rf1 Ng3 25. Qb3 Bxc2 26. Qc3 Ne2+ 0-1

[Event "Staraya Mayna Sidorov Cup"]
[Site "Staraya Mayna"]
[Date "2018.07.11"]
[Round "3"]
[White "Logunova, Elizaveta"]
[Black "Abramov, Alexander"]
[Result "0-1"]
[WhiteElo "1797"]
[BlackElo "2179"]
[PlyCount "124"]
[EventDate "2018.07.10"]
[EventType "swiss"]
[EventRounds "9"]
[EventCountry "RUS"]
[SourceTitle "EXT 2019"]
[Source "ChessBase"]
[SourceDate "2018.10.10"]
[SourceVersion "1"]
[SourceVersionDate "2018.10.10"]
[SourceQuality "1"]

1. d4 Nf6 2. Nf3 g6 3. Bf4 Bg7 4. e3 0-0 5. h3 d6 6. Be2 Nbd7 7. 0-0 c5 8. c3 b6 9. Nbd2 Bb7 10. Re1 Rc8 11. Rc1 Ne4 12. Nxe4 Bxe4 13. Qd2 Bb7 14. d5 Nf6 15. c4 Qd7 16. Bf1 Ne4 17. Qc2 f5 18. Bd3 e5 19. dxe6 Qxe6 20. Rcd1 Rcd8 21. Ng5 Qe7 22. Nxe4 fxe4 23. Bf1 g5 24. Bg3 Be5 25. Bxe5 Qxe5 26. Rd2 Kh8 27. Red1 Qe7 28. Qc3+ Rf6 29. a4 Kg8 30. a5 Rdf8 31. axb6 axb6 32. Ra1 Ra8 33. b3 Rff8 34. Rda2 Rxa2 35. Rxa2 Ra8 36. Rxa8+ Bxa8 37. Qa1 Bc6 38. Be2 Qg7 39. Qa6 Qb7 40. Qxb7 Bxb7 41. f3 exf3 42. Bxf3 Bc8 43. Bd5+ Kg7 44. Kf2 Kf6 45. Kf3 Ke5 46. g4 h6 47. Bc6 Be6 48. Ke2 Bf7 49. Bb7 Bg6 50. Kd2 Be4 51. Bxe4 Kxe4 52. Ke2 d5 53. Kd2 d4 54. exd4 Kxd4 55. Kc2 Ke3 56. Kc3 Kf3 57. b4 Kg3 58. bxc5 bxc5 59. Kd3 Kxh3 60. Ke4 Kxg4 61. Kd5 h5 62. Kxc5 h4 0-1

[Event "Uljanovsk Volga op"]
[Site "Uljanovsk"]
[Date "2016.01.06"]
[Round "3"]
[White "Logunova, Elizaveta"]
[Black "Vatutin, Petr"]
[Result "1/2-1/2"]
[WhiteElo "1704"]
[BlackElo "1390"]
[PlyCount "91"]
[EventDate "2016.01.05"]
[EventType "swiss"]
[EventRounds "9"]
[EventCountry "RUS"]
[SourceTitle "CBM 170 Extra"]
[Source "ChessBase"]
[SourceDate "2016.02.25"]
[SourceVersion "1"]
[SourceVersionDate "2016.02.25"]
[SourceQuality "1"]

1. d4 Nf6 2. Nf3 e6 3. Bf4 Be7 4. e3 0-0 5. Bd3 b6 6. Nbd2 Bb7 7. h3 d5 8. 0-0 c5 9. c3 Nc6 10. Ne5 Nxe5 11. Bxe5 Rc8 12. Nf3 Bd6 13. Bxd6 Qxd6 14. Ne5 cxd4 15. exd4 a6 16. a4 Ra8 17. Qe2 Ra7 18. Ra3 Rfa8 19. Rb3 a5 20. Bb5 Ba6 21. Bxa6 Rxa6 22. Qb5 Qc7 23. Rc1 Ne4 24. Rc2 Nd6 25. Qe2 Nc4 26. Nxc4 Qxc4 27. Qxc4 dxc4 28. Rb5 Kf8 29. Re2 Rd8 30. Ree5 Rd6 31. d5 Rxd5 32. Rexd5 exd5 33. Rxd5 Ra7 34. f3 Ke7 35. Kf2 Rc7 36. Ke3 Rc6 37. Kd4 f6 38. g4 g5 39. h4 h6 40. hxg5 hxg5 41. Rf5 Ke6 42. Rb5 Kd6 43. Ke4 Ke6 44. Kd4 Kd6 45. Ke4 Ke6 46. Kd4 1/2-1/2

[Event "Uljanovsk Sidorov Memorial"]
[Site "Uljanovsk"]
[Date "2015.07.11"]
[Round "7"]
[White "Logunova, Elizaveta"]
[Black "Safina, Diana"]
[Result "1-0"]
[WhiteElo "1673"]
[BlackElo "1431"]
[PlyCount "109"]
[EventDate "2015.07.07"]
[EventType "swiss"]
[EventRounds "9"]
[EventCountry "RUS"]
[SourceTitle "EXT 2016"]
[Source "ChessBase"]
[SourceDate "2015.10.08"]
[SourceVersion "1"]
[SourceVersionDate "2015.10.08"]
[SourceQuality "1"]

1. d4 d5 2. Nf3 Nf6 3. Bg5 Nc6 4. e3 Bg4 5. Be2 e6 6. Nbd2 Be7 7. 0-0 0-0 8. c4 h6 9. Bh4 Nh7 10. Bxe7 Qxe7 11. Rc1 Ng5 12. Nxg5 Bxe2 13. Qxe2 Qxg5 14. cxd5 exd5 15. Rc5 Qd8 16. Rfc1 a6 17. a3 Rc8 18. b4 Na7 19. a4 c6 20. Nf3 f6 21. Nh4 Qd7 22. Ng6 Rfe8 23. Qf3 Qf7 24. Qg3 Re4 25. Nf4 Rce8 26. h4 h5 27. Qh3 Rd8 28. Qf5 Re7 29. Qxh5 Qxh5 30. Nxh5 Kf7 31. Nf4 Rh8 32. g3 Re4 33. Kg2 Rhe8 34. R5c3 Rd8 35. Rc5 Rde8 36. R1c2 g6 37. Rc1 R8e7 38. Rh1 Re8 39. Rhc1 R8e7 40. Rb1 Re8 41. Rb3 R8e7 42. Rcc3 Re8 43. Nd3 R4e7 44. Nc5 f5 45. Nd3 Kf6 46. Rc1 Nc8 47. b5 axb5 48. axb5 Re6 49. bxc6 Rxc6 50. Rxb7 Rxc1 51. Nxc1 Nd6 52. Rb6 Re6 53. Nd3 Ne4 54. Rxe6+ Kxe6 55. Nf4+ 1-0

[Event "Uljanovsk Povolje op"]
[Site "Uljanovsk"]
[Date "2014.08.29"]
[Round "6"]
[White "Pegov, Valery"]
[Black "Logunova, Elizaveta"]
[Result "1/2-1/2"]
[WhiteElo "1669"]
[BlackElo "1709"]
[PlyCount "58"]
[EventDate "2014.08.26"]
[EventType "swiss"]
[EventRounds "9"]
[EventCountry "RUS"]
[SourceTitle "CBM 162 Extra"]
[Source "ChessBase"]
[SourceDate "2014.10.17"]
[SourceVersion "1"]
[SourceVersionDate "2014.10.17"]
[SourceQuality "1"]

1. e4 c6 2. d4 d5 3. f3 e6 4. Ne2 dxe4 5. fxe4 Ne7 6. Nbc3 Ng6 7. Nf4 Bb4 8. Be2 Qa5 9. Qd3 Nd7 10. 0-0 0-0 11. Bd2 Rd8 12. Nxg6 hxg6 13. Qf3 Rf8 14. a3 Bxc3 15. Bxc3 Qb6 16. Kh1 Nf6 17. d5 exd5 18. Bxf6 dxe4 19. Qc3 gxf6 20. Rxf6 Be6 21. h4 Rad8 22. Raf1 Qd4 23. Qg3 Qd2 24. R1f2 e3 25. Rxg6+ fxg6 26. Qxg6+ Kh8 27. Qh6+ Kg8 28. Qxe6+ Kh8 29. Qe5+ Kh7 1/2-1/2

[Event "Uljanovsk Povolje op"]
[Site "Uljanovsk"]
[Date "2014.08.26"]
[Round "1"]
[White "Logunova, Elizaveta"]
[Black "Pavlov, Anatoly F"]
[Result "0-1"]
[WhiteElo "1709"]
[BlackElo "2066"]
[PlyCount "120"]
[EventDate "2014.08.26"]
[EventType "swiss"]
[EventRounds "9"]
[EventCountry "RUS"]
[SourceTitle "CBM 162 Extra"]
[Source "ChessBase"]
[SourceDate "2014.10.17"]
[SourceVersion "1"]
[SourceVersionDate "2014.10.17"]
[SourceQuality "1"]

1. d4 f5 2. Nf3 Nf6 3. c4 g6 4. Bf4 Bg7 5. h3 d6 6. Nc3 0-0 7. e3 c6 8. Be2 Re8 9. 0-0 Nbd7 10. Qb3 Qb6 11. Nb5 c5 12. Rfd1 h6 13. Bh2 Ne4 14. Qc2 Ndf6 15. dxc5 Qxc5 16. Rab1 Bd7 17. b4 Qb6 18. c5 dxc5 19. bxc5 Qa5 20. Bc7 b6 21. Nfd4 Nxc5 22. Qxc5 bxc5 23. Bxa5 cxd4 24. Nc7 dxe3 25. fxe3 Bc6 26. Nxa8 Rxa8 27. Bc4+ Kh7 28. Bd8 Ne4 29. Rbc1 Nc3 30. Rd2 Ne4 31. Rd3 Nd6 32. Bxe7 Nxc4 33. Rxc4 Bb5 34. Rdd4 Bxc4 35. Rxc4 a5 36. Rc7 Kg8 37. a4 Be5 38. Rc5 Bg3 39. Bf6 h5 40. Bc3 h4 41. Kf1 Re8 42. Bd2 Rb8 43. Ke2 Rb1 44. Rc1 Rb2 45. Rc5 Bd6 46. Rxa5 Rxd2+ 47. Kxd2 Bb4+ 48. Ke2 Bxa5 49. Kf3 Kf7 50. e4 Kf6 51. exf5 Kxf5 52. Kf2 Kf4 53. Kg1 Kg3 54. Kh1 Kf2 55. Kh2 Bc7+ 56. Kh1 Kf1 57. a5 Bxa5 58. Kh2 Bc7+ 59. g3 hxg3+ 60. Kh1 g2# 0-1

[Event "Uljanovsk Sidorov Memorial"]
[Site "Uljanovsk"]
[Date "2014.07.19"]
[Round "8"]
[White "Logunova, Elizaveta"]
[Black "Bataev, Victor"]
[Result "1/2-1/2"]
[WhiteElo "1683"]
[BlackElo "1736"]
[PlyCount "170"]
[EventDate "2014.07.16"]
[EventType "swiss"]
[EventRounds "9"]
[EventCountry "RUS"]
[SourceTitle "CBM 161 Extra"]
[Source "ChessBase"]
[SourceDate "2014.08.29"]
[SourceVersion "1"]
[SourceVersionDate "2014.08.29"]
[SourceQuality "1"]

1. d4 Nf6 2. Nf3 d5 3. Bf4 c6 4. e3 Nbd7 5. c3 g6 6. h3 Bg7 7. Be2 0-0 8. 0-0 Ne4 9. Nbd2 f5 10. c4 e6 11. Qb3 h6 12. cxd5 exd5 13. Nxe4 fxe4 14. Nd2 Kh8 15. Qc2 g5 16. Bg3 Nf6 17. b4 a6 18. a4 g4 19. hxg4 Nxg4 20. b5 axb5 21. axb5 Rxa1 22. Rxa1 cxb5 23. Bxb5 Qg5 24. Qc5 Be6 25. Ra7 Nxe3 26. Nxe4 Qg6 27. Nd2 Nf5 28. Be5 Rg8 29. Bxg7+ Qxg7 30. Bf1 Nxd4 31. Qb6 Bc8 32. Ra3 Ne2+ 33. Kh1 Qg5 34. Nf3 Qg7 35. Re3 Nf4 36. Nh4 Rf8 37. Rg3 Qf6 38. Qxf6+ Rxf6 39. Rc3 Bd7 40. Rc7 Bc6 41. Rc8+ Kg7 42. Rc7+ Kf8 43. Kg1 d4 44. g3 Nd5 45. Rc8+ Ke7 46. Bh3 Bd7 47. Bxd7 Kxd7 48. Rc4 b5 49. Rxd4 Kc6 50. Rd2 b4 51. Rb2 Kb5 52. Ng2 Kc4 53. Ne1 b3 54. Kf1 Kc3 55. Rb1 b2 56. Nd3 Kc2 57. Rxb2+ Kxd3 58. Kg2 Ke4 59. Rb5 Kd4 60. Rb7 Ke4 61. Rb5 Ra6 62. Rb2 Kf5 63. Rb5 Ke5 64. Rb2 Ra3 65. Re2+ Kf5 66. Rd2 Nf6 67. Rc2 Rd3 68. Ra2 Nd5 69. Rc2 h5 70. Ra2 Rc3 71. Ra5 Ke5 72. Ra2 Rb3 73. Re2+ Kf5 74. Ra2 Rd3 75. Rc2 Ke4 76. Re2+ Kd4 77. Ra2 Kc4 78. Ra4+ Nb4 79. Ra5 Rd5 80. Rxd5 Nxd5 81. Kh3 Nf6 82. Kh4 Kd5 83. f3 Ke5 84. g4 hxg4 85. fxg4 Nxg4 1/2-1/2

[Event "Uljanovsk Sidorov Memorial"]
[Site "Uljanovsk"]
[Date "2014.07.19"]
[Round "7"]
[White "Nikitin, Dmitry"]
[Black "Logunova, Elizaveta"]
[Result "1-0"]
[WhiteElo "1849"]
[BlackElo "1683"]
[PlyCount "71"]
[EventDate "2014.07.16"]
[EventType "swiss"]
[EventRounds "9"]
[EventCountry "RUS"]
[SourceTitle "CBM 161 Extra"]
[Source "ChessBase"]
[SourceDate "2014.08.29"]
[SourceVersion "1"]
[SourceVersionDate "2014.08.29"]
[SourceQuality "1"]

1. e4 d5 2. exd5 Qxd5 3. Nc3 Qd8 4. d4 Nf6 5. Bg5 e6 6. Nf3 c6 7. Ne4 Be7 8. Bxf6 Bxf6 9. c3 Nd7 10. Nd6+ Ke7 11. Ne4 Re8 12. g4 g6 13. g5 Bg7 14. Qd2 Nb6 15. Qf4 Nd5 16. Qh4 Rh8 17. 0-0-0 Ke8 18. Qg3 h6 19. c4 Nb6 20. gxh6 Bxh6+ 21. Kb1 a5 22. h4 Rg8 23. Ne5 a4 24. Qf3 f5 25. c5 Nd5 26. Nd6+ Ke7 27. Rg1 a3 28. Rxg6 Rxg6 29. Nxg6+ Kf6 30. Qh5 axb2 31. Qxh6 Nc3+ 32. Kc2 Qa5 33. Qg5+ Kg7 34. Ne7+ Kh7 35. Qg6+ Kh8 36. Qg8# 1-0

[Event "Uljanovsk Sidorov Memorial"]
[Site "Uljanovsk"]
[Date "2014.07.18"]
[Round "5"]
[White "Logunova, Elizaveta"]
[Black "Sidorov, Gennady"]
[Result "1/2-1/2"]
[WhiteElo "1683"]
[BlackElo "1863"]
[PlyCount "43"]
[EventDate "2014.07.16"]
[EventType "swiss"]
[EventRounds "9"]
[EventCountry "RUS"]
[SourceTitle "CBM 161 Extra"]
[Source "ChessBase"]
[SourceDate "2014.08.29"]
[SourceVersion "1"]
[SourceVersionDate "2014.08.29"]
[SourceQuality "1"]

1. d4 d5 2. Nf3 Nf6 3. Bf4 e6 4. e3 Bd6 5. Bg3 b6 6. c3 Bb7 7. Nbd2 Bxg3 8. hxg3 Nbd7 9. Bd3 c5 10. Rc1 Ne4 11. Qc2 f5 12. Ne5 Nxe5 13. dxe5 c4 14. Be2 0-0 15. Nf3 Qc7 16. Qd1 g5 17. Qd4 Qf7 18. Nd2 Nc5 19. Kd1 Qg7 20. Kc2 Nd7 21. f4 g4 22. Rh4 1/2-1/2

[Event "Uljanovsk Student op"]
[Site "Uljanovsk"]
[Date "2014.03.30"]
[Round "5"]
[White "Logunova, Elizaveta"]
[Black "Belokhlebov, Alexey"]
[Result "1/2-1/2"]
[WhiteElo "1667"]
[BlackElo "1917"]
[PlyCount "139"]
[EventDate "2014.03.22"]
[EventType "swiss"]
[EventRounds "9"]
[EventCountry "RUS"]
[SourceTitle "EXT 2016"]
[Source "ChessBase"]
[SourceDate "2015.10.08"]
[SourceVersion "1"]
[SourceVersionDate "2015.10.08"]
[SourceQuality "1"]

1. d4 d5 2. Nf3 Nf6 3. Bg5 e6 4. e3 Be7 5. c3 Nbd7 6. Bd3 0-0 7. 0-0 c5 8. Nbd2 b6 9. Re1 Bb7 10. e4 dxe4 11. Bxf6 Nxf6 12. Nxe4 cxd4 13. Nxd4 g6 14. Qe2 Nxe4 15. Bxe4 Bxe4 16. Qxe4 Bf6 17. Rad1 Bxd4 18. Rxd4 Qc7 19. Red1 Rad8 20. Qd3 Rxd4 21. Qxd4 Rc8 22. Qd7 Kg7 23. Qxc7 Rxc7 24. Kf1 e5 25. Ke2 h6 26. Rd5 Kf6 27. Rd2 h5 28. Ke3 Ke6 29. f3 f6 30. h3 h4 31. f4 exf4+ 32. Kxf4 Rc4+ 33. Kf3 a5 34. Rd3 g5 35. b3 Rf4+ 36. Ke2 f5 37. Re3+ Kf6 38. Rd3 Re4+ 39. Kf2 Re6 40. c4 Rc6 41. Rd5 Ke6 42. Rd2 Ke5 43. Rd5+ Ke4 44. Ke2 Re6 45. Kf2 Kf4 46. a3 g4 47. b4 g3+ 48. Kf1 axb4 49. axb4 Re4 50. c5 Rxb4 51. cxb6 Rxb6 52. Rd1 Rb2 53. Ra1 Rd2 54. Rb1 Ke3 55. Ra1 f4 56. Re1+ Kd3 57. Ra1 Rf2+ 58. Kg1 Rd2 59. Kf1 Rc2 60. Rd1+ Kc3 61. Re1 Kd3 62. Rd1+ Ke4 63. Re1+ Kd5 64. Ra1 Rf2+ 65. Kg1 Ke4 66. Ra4+ Kd5 67. Ra1 Rd2 68. Kf1 Ke4 69. Re1+ Kd3 70. Ra1 1/2-1/2

[Event "Uljanovsk Student op"]
[Site "Uljanovsk"]
[Date "2014.03.23"]
[Round "2"]
[White "Tsai, Roman"]
[Black "Logunova, Elizaveta"]
[Result "1/2-1/2"]
[WhiteElo "1832"]
[BlackElo "1667"]
[PlyCount "101"]
[EventDate "2014.03.22"]
[EventType "swiss"]
[EventRounds "9"]
[EventCountry "RUS"]
[SourceTitle "EXT 2016"]
[Source "ChessBase"]
[SourceDate "2015.10.08"]
[SourceVersion "1"]
[SourceVersionDate "2015.10.08"]
[SourceQuality "1"]

1. e4 c6 2. d4 d5 3. e5 Bf5 4. Nc3 h6 5. Bd3 Bxd3 6. Qxd3 e6 7. Nge2 Nd7 8. f4 Ne7 9. b4 Nf5 10. a3 a5 11. Rb1 b6 12. Ng3 g6 13. Nce2 c5 14. bxc5 bxc5 15. c4 dxc4 16. Qxc4 cxd4 17. Nxf5 gxf5 18. Nxd4 Rc8 19. Qe2 Bc5 20. Nb5 Rg8 21. g3 Nb6 22. Be3 Qd5 23. Rf1 Bxe3 24. Qxe3 Nc4 25. Qe2 Ke7 26. Nc3 Qc6 27. Ra1 Rgd8 28. Ra2 Nxe5 29. Qxe5 Qxc3+ 30. Qxc3 Rxc3 31. Rff2 Rdd3 32. a4 Ra3 33. Rfc2 Rxa2 34. Rxa2 Rd4 35. Ke2 f6 36. Ke3 Re4+ 37. Kf3 e5 38. h4 Rb4 39. fxe5 fxe5 40. Rc2 Kd7 41. Rc5 Kd6 42. Rxa5 h5 43. Ra6+ Kd5 44. a5 f4 45. Rb6 Ra4 46. Rb5+ Ke6 47. gxf4 Rxf4+ 48. Kg3 Rg4+ 49. Kh3 Ra4 50. Rb6+ Kf5 51. a6 1/2-1/2

[Event "Uljanovsk Sidorov Memorial"]
[Site "Uljanovsk"]
[Date "2013.07.14"]
[Round "9"]
[White "Sidorov, Gennady"]
[Black "Logunova, Elizaveta"]
[Result "1-0"]
[WhiteElo "1886"]
[BlackElo "1601"]
[PlyCount "124"]
[EventDate "2013.07.11"]
[EventType "swiss"]
[EventRounds "9"]
[EventCountry "RUS"]
[SourceTitle "EXT 2014"]
[Source "ChessBase"]
[SourceDate "2013.11.20"]
[SourceVersion "1"]
[SourceVersionDate "2013.11.20"]
[SourceQuality "1"]

1. e4 c6 2. d4 d5 3. Nc3 dxe4 4. Nxe4 Bf5 5. Ng3 Bg6 6. h4 h6 7. Nf3 Nf6 8. Ne5 Bh7 9. Bd3 Bxd3 10. Qxd3 e6 11. Be3 Nbd7 12. Qb3 Qc7 13. 0-0-0 Bd6 14. f4 Nd5 15. Rhe1 a5 16. Ne4 a4 17. Nxd6+ Qxd6 18. Qc4 0-0 19. a3 Rfc8 20. f5 b5 21. Qd3 Nf8 22. c4 Nxe3 23. Rxe3 bxc4 24. Nxc4 Qc7 25. f6 g6 26. Rg3 c5 27. Rg4 cxd4 28. Rxd4 Rab8 29. Kb1 Rb6 30. Qd2 Kh7 31. Na5 Rb5 32. Rxa4 Ra8 33. Rc1 Qe5 34. Nc4 Qf5+ 35. Ka1 Rxa4 36. Nd6 Qd5 37. Qc2 Rba5 38. Rd1 Qc5 39. Qd3 Ra7 40. Nb5 Ra8 41. Nc3 Rxh4 42. Ne4 Qc6 43. Nd6 Qxg2 44. Nxf7 Rh2 45. Qc3 Rh1 46. Rxh1 Qxh1+ 47. Ka2 Qd5+ 48. Kb1 e5 49. Nxe5 Re8 50. Qc7+ Nd7 51. Qxd7+ Qxd7 52. Nxd7 Re1+ 53. Ka2 Rf1 54. a4 Kg8 55. a5 Rf5 56. b4 Rb5 57. Ka3 g5 58. a6 Rf5 59. Nc5 Rxf6 60. a7 Rf8 61. b5 Ra8 62. b6 g4 1-0

[Event "Dimitrovgrad Summer op"]
[Site "Dimitrovgrad"]
[Date "2013.06.23"]
[Round "2"]
[White "Turaev, Rahmon"]
[Black "Logunova, Elizaveta"]
[Result "0-1"]
[WhiteElo "1555"]
[BlackElo "1601"]
[PlyCount "44"]
[EventDate "2013.06.22"]
[EventType "swiss"]
[EventRounds "9"]
[EventCountry "RUS"]
[SourceTitle "EXT 2014"]
[Source "ChessBase"]
[SourceDate "2013.11.20"]
[SourceVersion "1"]
[SourceVersionDate "2013.11.20"]
[SourceQuality "1"]

1. e4 c6 2. d4 d5 3. Nc3 dxe4 4. Nxe4 Bf5 5. Ng3 Bg6 6. Nf3 Nf6 7. Bc4 e6 8. 0-0 Be7 9. Ne5 Nbd7 10. Nxg6 hxg6 11. Bf4 0-0 12. Re1 Nb6 13. Bb3 Nbd5 14. Be5 b5 15. c3 Qb6 16. Ne4 Nxe4 17. Rxe4 Bf6 18. Bxd5 cxd5 19. Re3 Bxe5 20. dxe5 f6 21. Qg4 fxe5 22. Rxe5 Qxf2+ 0-1

[Event "Dimitrovgrad Summer op"]
[Site "Dimitrovgrad"]
[Date "2013.06.22"]
[Round "1"]
[White "Logunova, Elizaveta"]
[Black "Beldyugin, Alexey"]
[Result "0-1"]
[WhiteElo "1601"]
[BlackElo "2080"]
[PlyCount "74"]
[EventDate "2013.06.22"]
[EventType "swiss"]
[EventRounds "9"]
[EventCountry "RUS"]
[SourceTitle "EXT 2014"]
[Source "ChessBase"]
[SourceDate "2013.11.20"]
[SourceVersion "1"]
[SourceVersionDate "2013.11.20"]
[SourceQuality "1"]

1. d4 d6 2. Nf3 Nc6 3. Bf4 g6 4. e3 Bg7 5. Be2 e5 6. dxe5 dxe5 7. Qxd8+ Kxd8 8. Bg5+ Nge7 9. Nc3 h6 10. Bh4 g5 11. Bg3 Be6 12. 0-0-0+ Ke8 13. Rd2 f5 14. Nb5 Rc8 15. h3 Kf7 16. Rhd1 a6 17. Na3 b5 18. Kb1 f4 19. exf4 exf4 20. Bh2 Nf5 21. c3 Nd6 22. Bd3 b4 23. cxb4 Nxb4 24. b3 Nxd3 25. Rxd3 Bf5 26. Kc1 Bxd3 27. Rxd3 Rhe8 28. Kd1 Ne4 29. Bg1 Nc3+ 30. Kc2 Nxa2 31. Rd7+ Re7 32. Rd1 Re2+ 33. Kd3 Nc3 34. Rc1 Rd8+ 35. Kc4 Re4+ 36. Kc5 Na2 37. Rc2 Nb4 0-1